000 00535nam a2200169Ia 4500
008 090711s9999 xx 000 0 und d
082 _b37803
100 _aदत्ता केशव
245 _aघरोघरी मातीSया Sाुली
260 _c1978
300 _a86
600 _aदत्ता केशव
630 _aघरोघरी मातीSया Sाुली
700 _aदत्ता केशव
730 _aघरोघरी मातीSया Sाुली
942 _cBOOK
999 _c306175
_d306175